| 000 | 00360nam a2200145Ia 4500 | ||
|---|---|---|---|
| 008 | 230917s9999||||xx |||||||||||||| ||und|| | ||
| 040 |
_e69926 _aMAIN |
||
| 041 | _aEnglish | ||
| 082 | _a658.4 H913B | ||
| 100 | _aHaner, F T | ||
| 245 | 0 | _aBusiness policy, planning and strategy | |
| 260 |
_aCambridge _bWinthrop _c1976 |
||
| 300 | _axv, 538 p. | ||
| 942 | _cBK | ||
| 999 |
_c218252 _d218252 |
||